Análisis económico del marco normativo de las telecomunicaciones en el Perú /

Detalles Bibliográficos
Autor principal: Peceros Valencia, Marilia Susana (Autor)
Formato: Electrónico eBook
Lenguaje:español
Publicado: Tarma, Perú : Zafiro, [2022]
Materias:
Acceso en línea:Digitalia Hispánica

MARC

LEADER 00000nam a2200000 i 4500
001 DIGEDQUIM0008
003 NyNyDIG
007 cr |||||||||||
008 241108s2022 pe ob 000 0 spa d
006 m o d
035 |a (OCoLC)1472053565 
040 |a DGITA  |b eng  |e rda  |e pn  |c DGITA 
020 |z 9786125067036 
043 |a s-pe--- 
050 1 4 |a KHQ4380 ebook 
100 1 |a Peceros Valencia, Marilia Susana,  |e author. 
245 1 0 |a Análisis económico del marco normativo de las telecomunicaciones en el Perú /  |c Marilia Susana Peceros Valencia. 
264 1 |a Tarma, Perú :  |b Zafiro,  |c [2022] 
300 |a 1 online resource. 
336 |a text  |b txt  |2 rdacontent 
337 |a computer  |b c  |2 rdamedia 
338 |a online resource  |b cr  |2 rdacarrier 
347 |a text file  |2 rdaft 
347 |b PDF 
504 |a Includes bibliographical references. 
588 0 |a Online resource; title from PDF title page (Digitalia, viewed November 8, 2024) 
650 0 |a Telecommunication  |x Law and legislation  |z Peru. 
650 0 |a Telecommunication  |x Economic aspects  |z Peru. 
650 0 |a Telecommunication policy  |z Peru. 
650 0 |a Telecommunication  |z Peru  |x History. 
791 2 |a Digitalia (Firm),  |e distributor. 
793 0 |g Digitalia eBook Collection:  |a Grupo Editorial Quimérica 
776 0 8 |i Print version:  |a Peceros Valencia, Marilia Susana.  |t Análisis económico del marco normativo de las telecomunicaciones en el Perú.  |b Primera edición.  |d Tarma, Perú : Zafiro, [2022]  |z 9786125067036 
856 4 0 |3 Digitalia Hispánica  |u https://www.digitaliapublishing.com/a/160464/ 
910 |a Premium collection: 2024